<?xml version="1.0" encoding="UTF-8"?>
<record
    xmlns:xsi="http://www.w3.org/2001/XMLSchema-instance"
    xsi:schemaLocation="http://www.loc.gov/MARC21/slim http://www.loc.gov/standards/marcxml/schema/MARC21slim.xsd"
    xmlns="http://www.loc.gov/MARC21/slim">

  <leader>02560nam a22002537a 4500</leader>
  <datafield tag="999" ind1=" " ind2=" ">
    <subfield code="c">7925</subfield>
    <subfield code="d">7925</subfield>
  </datafield>
  <controlfield tag="001">21377</controlfield>
  <controlfield tag="003">BD-DhUAP</controlfield>
  <controlfield tag="005">20211213154837.0</controlfield>
  <controlfield tag="008">211211b           ||||| |||| 00| 0 eng d</controlfield>
  <datafield tag="020" ind1=" " ind2=" ">
    <subfield code="a">9781786270566</subfield>
    <subfield code="q">(Hardcover)</subfield>
  </datafield>
  <datafield tag="040" ind1=" " ind2=" ">
    <subfield code="a">BD-DhUAP</subfield>
    <subfield code="b">eng.</subfield>
    <subfield code="c">BD-DhUAP</subfield>
    <subfield code="e">BD-DhUAP</subfield>
    <subfield code="d">BD-DhUAP</subfield>
  </datafield>
  <datafield tag="082" ind1="0" ind2="4">
    <subfield code="a">724.6 DAV</subfield>
    <subfield code="2">23</subfield>
  </datafield>
  <datafield tag="100" ind1="1" ind2=" ">
    <subfield code="a">Davies, Colin.</subfield>
    <subfield code="d">1929-</subfield>
    <subfield code="e">author.</subfield>
  </datafield>
  <datafield tag="245" ind1="1" ind2="2">
    <subfield code="a">A new history of modern architecture :</subfield>
    <subfield code="b">art nouveau, the beaux-arts, expressionism, modernism, constructivism, art deco, classicism, brutalism, postmodernism, neo-rationalism, high tech, deconstructivism, digital futures /</subfield>
    <subfield code="c">Colin Davies.</subfield>
  </datafield>
  <datafield tag="264" ind1=" " ind2="1">
    <subfield code="a">London :</subfield>
    <subfield code="b">Laurence King Publishing Ltd,</subfield>
    <subfield code="c">2017.</subfield>
  </datafield>
  <datafield tag="300" ind1=" " ind2=" ">
    <subfield code="a">500 pages :</subfield>
    <subfield code="b">illustrations (chiefly color), plans ;</subfield>
    <subfield code="c">30 cm.</subfield>
  </datafield>
  <datafield tag="504" ind1=" " ind2=" ">
    <subfield code="a">Includes bibliographical references (pages 480-484) and index.</subfield>
  </datafield>
  <datafield tag="505" ind1="0" ind2=" ">
    <subfield code="a">Art nouveau and Adolf Loos: 1881-1930 -- Houses: 1891-1911 -- National romanticism, the new tradition and the beaux-arts: 1893-1923 -- Steel and conrete: pioneers and visionaries: 1891-1923 -- Factories: 1902-1942 -- Expressionism: 1914-1941 -- Dutch modernism: 1915-1931 -- German modernism: 1919-1933 -- Le Corbusier part 1: 1906-1932 -- Mies van der Rohe in Germany: 1907-1938 -- Russian constructivism: 1917-1936 -- Wright, Schindler and Neutra: 1911-1938 -- Art deco and the skyscraper: 1925-1939 -- Modern classicism: 1923-1942 -- Modernism in the USA: 1932-1972 -- Domes, shells and tents: 1952-1973 -- Le Corbusier part 2: 1932-1965 -- Alvar Aalto and Hans Scharoun: 1924-1971 -- Mass housing: 1949-1968 -- Latin american modernism: 1932-1982 -- Brutalism: 1954-1977 -- Louis Kahn -- monumental modernism: 1953-1982 -- 'Non-western' influences: 1937-1991 -- Postmodernism: 1964-1990 -- Neo-rationalism: 1967-1991 -- High tech: 1967-1991 -- Japan: 1945-2000 -- Deconstructivism: 1982-1995 -- Rem Koolhaas and OMA: 1991-2004 -- 'The architecture of the well-tempered environment' revisited: 1973-2007 -- 'Context' and 'materiality': 1963-2012 -- Digital futures: 1994-2012 -- China: 1911-2012.</subfield>
  </datafield>
  <datafield tag="520" ind1="8" ind2=" ">
    <subfield code="a">In this book, Colin Davies subjects the canonical architecture of the twentieth century to a thorough reassessment. Rather than repeating the standard wisdom, Davies questions the values and judgements that are so often the mainstay of architectural surveys, and in doing so asks: what is the importance of the style we know as Modernism.</subfield>
  </datafield>
  <datafield tag="650" ind1=" " ind2="0">
    <subfield code="a">Architecture.</subfield>
    <subfield code="x">London.</subfield>
  </datafield>
  <datafield tag="650" ind1=" " ind2="0">
    <subfield code="a">Architecture, Modern</subfield>
    <subfield code="y">21st century.</subfield>
  </datafield>
  <datafield tag="650" ind1=" " ind2="0">
    <subfield code="a">Modern movement (Architecture)</subfield>
  </datafield>
  <datafield tag="942" ind1=" " ind2=" ">
    <subfield code="2">ddc</subfield>
    <subfield code="c">BK</subfield>
  </datafield>
  <datafield tag="952" ind1=" " ind2=" ">
    <subfield code="0">0</subfield>
    <subfield code="1">0</subfield>
    <subfield code="2">ddc</subfield>
    <subfield code="4">0</subfield>
    <subfield code="7">0</subfield>
    <subfield code="a">UAPCL</subfield>
    <subfield code="b">UAPCL</subfield>
    <subfield code="c">General Stacks</subfield>
    <subfield code="d">2021-12-11</subfield>
    <subfield code="o">724.6 DAV</subfield>
    <subfield code="p">3010021377</subfield>
    <subfield code="r">2021-12-11</subfield>
    <subfield code="t">01</subfield>
    <subfield code="v">9400.00</subfield>
    <subfield code="w">2021-12-11</subfield>
    <subfield code="y">BK</subfield>
  </datafield>
</record>
